Logo BPK

Bibliografia Prac Pracowników

Politechniki Koszalińskiej

Supporting Business Enterpreneurship in Rural Areas / (Rekord nr 9022)

Szczegóły MARC
000 -ETYKIETA REKORDU
podpole kontrolne o stałej długości 00791naa a2200169 i 4500
001 - NUMER KONTROLNY REKORDU
podpole kontrolne 9022
003 - IDENTYFIKATOR NUMERU KONTROLNEGO REKORDU
podpole kontrolne KOSZ 005
005 - DATA OSTATNIEJ MODYFIKACJI REKORDU
podpole kontrolne 20180315105343.0
008 - POLE O STAŁEJ DŁUGOŚCI - DANE KONTROLNE
podpole kontrolne o stałej długości 150518s2002 pl | | |000 ||pol
040 ## - ŹRÓDŁO KATALOGOWANIA
Instytucja, która utworzyła rekord BPK
Instytucja, która dokonała modyfikacji KOSZ 005/EG
080 ## - UNIWERSALNA KLASYFIKACJA DZIESIĘTNA - UKD
UKD 338.43
100 1# - NAZWA OSOBOWA
Nazwa osobowa BŁAŻEJOWSKA, Małgorzata.
Lata pracy 1996 - .
Instytucja Politechnika Koszalińska - Instytut Zarządzania i Marketingu,
Wydział Zespół Naukowo-Dydaktyczny Nauk Prawnych
245 10 - TYTUŁ/ODPOWIEDZIALNOŚĆ
Tytuł Supporting Business Enterpreneurship in Rural Areas /
Pozostałe elementy strefy tytułu i oznaczenia odpowiedzialności Małgorzata Błażejowska.
650 #0 - HASŁO PRZEDMIOTOWE W FORMIE NAZWY OGÓLNEJ LUB JEDNOSTKOWEJ
Nazwa ogólna lub geograficzna Rolnictwo.
773 0# - TYTUŁ DOKUMENTU MACIERZYSTEGO
Wyrażenie wprowadzające W :
Tytuł Strukturveränderungen und ihre Auswirkungen auf die Kulturlandschaft im ländlichen Raum / hrsg. Michał Jasiulewicz, Bogusław Polak, Franz Stepanek. -
Adres wydawniczy Dedelov ; Koszalin : Wydaw. Uczelniane PK, 2002. -
Informacje dotyczące relacji s. 153-161
942 ## - HASŁO DODATKOWE - ELEMENTY(KOHA)
Typ dokumentu Rozdział
Schemat klasyfikacji Uniwersalna klasyfikacja dziesiętna

Brak dostępnych egzemplarzy.

© 2014 Biblioteka Politechniki Koszalińskiej :: BIBLIOGRAFIA PRAC PRACOWNIKÓW